Most expensive football transfers - Goalkeepers - 2018-2019 Season - Statistics

General Stats
  • This quiz has been taken 19 times
  • The average score is 7 of 10
Answer Stats
Fee (M €) Nationality Left Joined Player % Correct
62,50 Brazil AS Roma Liverpool Alisson
100%
80,00 Spain Athletic Chelsea Kepa Arrizabalaga
100%
35,00 Belgium Chelsea Real Madrid Thibaut Courtois
100%
25,00 Germany Bayer Leverkusen Arsenal Bernd Leno
88%
18,00 Portugal Sporting CP Wolverhampton Rui Patrício
82%
9,00 Sweden FC Copenhagen AS Roma Robin Olsen
76%
14,00 Wales Liverpool Leicester Danny Ward
65%
16,30 Italy Genoa Juventus Mattia Perin
65%
9,00 Poland AS Roma Bologna Lukasz Skorupski
35%
11,30 England / Scotland Manchester City Southampton Angus Gunn
24%
No matching quizzes found
Score Distribution
Percent of People with Each Score
Percentile by Number Answered
Your Score History
You have not taken this quiz